Canoe tripping with kids /

Bibliographic Details
Main Author: Harrison, David, 1938-
Other Authors: Harrison, Judy, 1939-
Format: Book
Language:English
Published: Brattleboro, Vt. : Stephen Greene Press, [1981]
Subjects:

MARC

Tag First Indicator Second Indicator Subfields
LEADER 00000pam a2200000 a 4500
001 in00000077207
005 20151008060557.0
008 810108s1981 vtua b 00110 engm
010 |a  80028213  
020 |a 082890426X (pbk.) 
035 |a (OCoLC)07206206 
035 |9 AAJ6073AM 
039 0 |a 2  |b 3  |c 3  |d 3  |e 3 
040 |a DLC  |c DLC  |d m.c.  |d TXA  |d UtOrBLW 
049 |a TXAM  |c [1673035] 
050 0 0 |a GV789  |b .H37 
082 0 |a 797.1/22  |2 19 
100 1 |a Harrison, David,  |d 1938- 
245 1 0 |a Canoe tripping with kids /  |c David and Judy Harrison ; drawings by Nancy Harrison. 
264 1 |a Brattleboro, Vt. :  |b Stephen Greene Press,  |c [1981] 
264 4 |c ©1981 
300 |a vii, 204 pages :  |b illustrations ;  |c 22 cm. 
336 |a text  |b txt  |2 rdacontent 
337 |a unmediated  |b n  |2 rdamedia 
338 |a volume  |b nc  |2 rdacarrier 
500 |a Includes index. 
504 |a Bibliography: pages 189-199. 
650 0 |a Canoes and canoeing. 
650 0 |a Family recreation. 
700 1 |a Harrison, Judy,  |d 1939- 
999 |a MARS 
999 f f |s daef25a0-012e-35c1-959d-f13ec0e1faac  |i 36db67b3-d14e-3bec-a326-c54366d0a68e  |t 0 
952 f f |p ric  |a Texas A&M University  |b Rellis Campus  |c Joint Library Facility  |d Remote Storage  |t 0  |e GV789 .H37  |h Library of Congress classification  |i unmediated -- volume  |m A14806116432 
998 f f |a GV789 .H37  |t 0  |l Remote Storage